| 000 | 01199nam a2200325 i 4500 | ||
|---|---|---|---|
| 001 | 000007692 | ||
| 003 | DO-SdBNP | ||
| 005 | 20240809135009.0 | ||
| 007 | ta | ||
| 008 | 090907s2001 sp ad 001 0 spa d | ||
| 020 |
_a8495275546 _c$9,000.00 |
||
| 020 | _a9788495275547 | ||
| 040 |
_aDO-SdBNP _bspa _cBNPHU _erda |
||
| 082 |
_aR720.3 _bB874d _222 |
||
| 100 | 1 |
_aBroto, Carles, _d1959 - _eautor _921318 |
|
| 245 | 1 | 0 |
_aDiccionario técnico : _barquitectura y construcción / _cCarles Broto i Comerma ; dirección y coordinación lexicográfica Monika Camacho ; introducción John Ruskin. |
| 246 | 1 |
_aGlosario: _barquitectura y construcción |
|
| 264 |
_aBarcelona : _bInstituto Monsa de Ediciones, _c2001 |
||
| 300 |
_a2 volumen. : _bgráfaficas. ; _c26 cm. + _e1 cd-rom |
||
| 336 |
_2rdacontent _atexto _btxt |
||
| 337 |
_2rdamedia _asin mediación _bn |
||
| 338 |
_2rdacarrier _avolumen _bnc |
||
| 590 | _aInventariado, 2024 / DG | ||
| 650 | 4 |
_aArquitectura _vDICCIONARIOS POLÍGLOTAS _921319 |
|
| 650 | 4 |
_aConstrucción _vDICCIONARIOS POLÍGLOTAS _921320 |
|
| 700 | 1 |
_aCamacho, Monika _921321 |
|
| 700 | 1 |
_aRuskin, John _921322 |
|
| 910 | _aValidado. Control de calidad BNPHU | ||
| 942 |
_2ddc _cLBS1 |
||
| 999 |
_c7471 _d7471 |
||